000 00330nam a2200133Ia 4500
008 240624s9999 xx 000 0 und d
041 _aeng
082 _a658.8 MOO
100 _aMOON YOUNGME
245 _aDIFFERENT ESCAPING THE COMPETITIVE HERD
260 _c2011
_aNew York
_bRandom House
300 _a288 : p.
365 _c
_b25
999 _c22117
_d22117